| Tag |
First Indicator |
Second Indicator |
Subfields |
| LEADER |
00000cam a2200000 a 4500 |
| 001 |
in00000091502 |
| 005 |
20151008064002.0 |
| 008 |
810731s1980 enk b 00100 eng |
| 010 |
|
|
|a 80153463
|
| 015 |
|
|
|a GB80-30808
|
| 020 |
|
|
|a 0714631493 :
|c 14.50
|
| 035 |
|
|
|a (OCoLC)07877576
|
| 035 |
|
|
|9 AAK3308AM
|
| 039 |
0 |
|
|a 2
|b 3
|c 3
|d 3
|e 3
|
| 040 |
|
|
|a DLC
|c DLC
|d TXA
|d UtOrBLW
|
| 043 |
|
|
|a u-at---
|a e-uk---
|
| 049 |
|
|
|a TXAM
|c [1361696]
|
| 050 |
0 |
0 |
|a DU113.5.G7
|b A96 1980
|
| 082 |
0 |
|
|a 327.41094
|2 19
|
| 245 |
0 |
0 |
|a Australia and Britain :
|b studies in a changing relationship /
|c edited by A.F. Madden and W.H. Morris-Jones ; with a foreword by Sir Kenneth Wheare.
|
| 264 |
|
1 |
|a London ;
|a Totowa, N.J. :
|b Cass in association with Institute of Commonwealth Studies, University of London,
|c 1980.
|
| 300 |
|
|
|a xviii, 195 pages ;
|c 25 cm.
|
| 336 |
|
|
|a text
|b txt
|2 rdacontent
|
| 337 |
|
|
|a unmediated
|b n
|2 rdamedia
|
| 338 |
|
|
|a volume
|b nc
|2 rdacarrier
|
| 490 |
1 |
|
|a Studies in Commonwealth politics and history ;
|v no. 8
|
| 504 |
|
|
|a Includes bibliographical references and index.
|
| 651 |
|
0 |
|a Australia
|x Foreign relations
|z Great Britain.
|
| 651 |
|
0 |
|a Great Britain
|x Foreign relations
|z Australia.
|
| 700 |
1 |
|
|a Madden, A. F.
|
| 700 |
1 |
|
|a Morris-Jones, W. H.
|q (Wyndraeth Humphreys)
|
| 710 |
2 |
|
|a University of London.
|b Institute of Commonwealth Studies.
|
| 830 |
|
0 |
|a Studies in Commonwealth politics and history ;
|v no. 8.
|
| 999 |
|
|
|a MARS
|
| 999 |
f |
f |
|s 2a670f2d-6e59-369a-b7b3-63c1f0d0c6d2
|i 0330c266-fcfd-394e-8d9a-a786e5cf677c
|t 0
|
| 952 |
f |
f |
|p ric
|a Texas A&M University
|b Rellis Campus
|c Joint Library Facility
|d Remote Storage
|t 0
|e DU113.5.G7 A96 1980
|h Library of Congress classification
|i unmediated -- volume
|m A14806103722
|
| 998 |
f |
f |
|a DU113.5.G7 A96 1980
|t 0
|l Remote Storage
|